New incineration of waste controls (Record no. 71009)

MARC details
000 -LEADER
fixed length control field 01101cam a2200205 4500
001 - CONTROL NUMBER
control field WB3831-44
008 - FIXED-LENGTH DATA ELEMENTS--GENERAL INFORMATION
fixed length control field 020827n2002 000 0 eng u
035 ## - SYSTEM CONTROL NUMBER
System control number (Sirsi) u119436
245 ## - TITLE STATEMENT
Title New incineration of waste controls
260 ## - PUBLICATION, DISTRIBUTION, ETC.
Date of publication, distribution, etc. 2002
490 ## - SERIES STATEMENT
Series statement Scottish Executive Press Release
Volume/sequential designation 27 August 2002, (2)
520 ## - SUMMARY, ETC.
Summary, etc. A public consultation on new controls for the incineration of waste in Scotland is launched to implement the EC Waste Incineration Directive (2000/76/EC). The proposals introduce tough operating conditions and set minimum technical requirements for incinerators and co-incinerators. Consultation deadline is 20 November 2002. "Implementation of European Council Directive 2000/76/EC on the incineration of waste: a consultation" available at www.scotland.gov.uk/library5/environment/iecd-00.asp www.scotland.gov.uk/pages/news/2002/08/SEen131.aspx
590 ## - LOCAL NOTE (RLIN)
Local note WB
650 ## - SUBJECT ADDED ENTRY--TOPICAL TERM
Topical term or geographic name entry element SCOTLAND
650 ## - SUBJECT ADDED ENTRY--TOPICAL TERM
Topical term or geographic name entry element WASTE INCINERATION
650 ## - SUBJECT ADDED ENTRY--TOPICAL TERM
Topical term or geographic name entry element EC DIRECTIVES
650 ## - SUBJECT ADDED ENTRY--TOPICAL TERM
Topical term or geographic name entry element WASTE INCINERATORS
690 ## - LOCAL SUBJECT ADDED ENTRY--TOPICAL TERM (OCLC, RLIN)
Topical term or geographic name as entry element ENVIRONMENTAL AND LAND CONSULTANCY-WASTE MANAGEMENT
942 ## - ADDED ENTRY ELEMENTS (KOHA)
Suppress in OPAC 0
Holdings
Withdrawn status Lost status Source of classification or shelving scheme Damaged status Not for loan Home library Current library Shelving location Date acquired Total Checkouts Full call number Barcode Date last seen Copy number Price effective from Koha item type
    Dewey Decimal Classification     London London News article 27/08/2002   WB3831-44 119436-1001 06/08/2019 1 06/08/2019 News article